[Event "Chigorin Memorial 2008"]
[Site "St. Petersburg RUS"]
[Date "2008.10.10"]
[Round "8.48"]
[White "Zykova, Antonina"]
[Black "Butuc, Maria"]
[Result "1-0"]
[WhiteElo "2092"]
[BlackElo "2159"]
[PlyCount "87"]
[EventDate "2008.10.03"]
[EventType "swiss"]
[EventRounds "9"]
[EventCountry "RUS"]
[Source "lmi"]
[SourceDate "2008.10.03"]

1. e4 c6 2. d4 d5 3. Nc3 dxe4 4. Nxe4 Bf5 5. Ng3 Bg6 6. h4 h6 7. Nf3 Nd7 8. h5
Bh7 9. Bd3 Bxd3 10. Qxd3 e6 11. Bd2 Ngf6 12. Qe2 Be7 13. O-O-O O-O 14. Ne5 c5
15. dxc5 Bxc5 16. Nxd7 Nxd7 17. Ne4 Qc7 18. Bxh6 gxh6 19. Rxd7 Qe5 20. Qg4+ Kh8
21. Nxc5 Qxc5 22. Qf4 Qg5 23. Qxg5 hxg5 24. Rxb7 Kg7 25. Rd1 Kh6 26. Rdd7 Kxh5
27. Rxf7 Rxf7 28. Rxf7 Kg6 29. Re7 Kf6 30. Rd7 Kf5 31. Kd2 g4 32. g3 Ke4 33.
Ke2 Rc8 34. c3 Rb8 35. b3 Rc8 36. Rd4+ Kf5 37. Rf4+ Kg5 38. c4 a5 39. Kd3 e5
40. Rf7 Kg6 41. Ra7 Rc5 42. Ke4 Kf6 43. Ra6+ Kg5 44. Re6 1-0

[Event "Chigorin Memorial 2008"]
[Site "St. Petersburg RUS"]
[Date "2008.10.10"]
[Round "8.50"]
[White "Balaian, Alina"]
[Black "Ivanov, Alexey"]
[Result "0-1"]
[WhiteElo "1934"]
[BlackElo "2431"]
[PlyCount "58"]
[EventDate "2008.10.03"]
[EventType "swiss"]
[EventRounds "9"]
[EventCountry "RUS"]
[Source "lmi"]
[SourceDate "2008.10.03"]

1. e4 c5 2. Nc3 Nc6 3. g3 h5 4. Bg2 h4 5. g4 d6 6. h3 e6 7. d3 g6 8. Be3 Bg7 9.
Qd2 Nge7 10. Nd1 b5 11. c3 Qa5 12. Nf3 b4 13. Bg5 bxc3 14. bxc3 Ba6 15. Bxh4
Qb5 16. c4 Qb4 17. Rc1 Rb8 18. Bg3 Kd7 19. Rc2 Qa3 20. Qe2 Qa5+ 21. Rd2 Bh6 22.
g5 Bxg5 23. Nxg5 Nd4 24. Qf1 Rb1 25. Nf3 Nec6 26. Nxd4 Nxd4 27. Bf4 Rxd1+ 28.
Kxd1 Rb8 29. Rc2 Qa4 0-1

[Event "Chigorin Memorial 2008"]
[Site "St. Petersburg RUS"]
[Date "2008.10.10"]
[Round "8.51"]
[White "Vrublevskaya, Olga"]
[Black "Serov, Maksim"]
[Result "0-1"]
[WhiteElo "2106"]
[BlackElo "2378"]
[PlyCount "118"]
[EventDate "2008.10.03"]
[EventType "swiss"]
[EventRounds "9"]
[EventCountry "RUS"]
[Source "lmi"]
[SourceDate "2008.10.03"]

1. d4 Nf6 2. c4 c5 3. d5 b5 4. cxb5 a6 5. bxa6 g6 6. Nc3 Bxa6 7. e4 Bxf1 8.
Kxf1 d6 9. g4 h5 10. g5 Nfd7 11. Kg2 Bg7 12. f4 Na6 13. Nf3 Qa5 14. Bd2 Nb4 15.
Qe2 Qa6 16. Qxa6 Rxa6 17. Nb5 O-O 18. Bc3 Nd3 19. Bxg7 Kxg7 20. b3 Nxf4+ 21.
Kg3 e5 22. Rhe1 Rb8 23. a4 Ne2+ 24. Rxe2 Rxb5 25. Nd2 Rb4 26. Rc1 f5 27. gxf6+
Nxf6 28. Rc3 Rd4 29. Rce3 Ra7 30. Nc4 Ra6 31. Nd2 Ra7 32. Nc4 Rd7 33. Nd2 Kf8
34. Nf3 Rb4 35. Nd2 g5 36. Nc4 h4+ 37. Kh3 Rb8 38. Rg2 g4+ 39. Kxh4 Rh7+ 40.
Kg3 Rh3+ 41. Kf2 Rxe3 42. Nxe3 Rxb3 43. Nxg4 Rb2+ 44. Kf3 Rxg2 45. Nxf6 Rxh2
46. Nd7+ Ke7 47. Nb8 Ra2 48. a5 Kd8 49. Ke3 Kc7 50. Nc6 Ra3+ 51. Kd2 Kb7 52.
Nd8+ Kc7 53. Nc6 Rh3 54. Ke2 Rg3 55. Kd2 Kb7 56. Nd8+ Ka6 57. Nc6 Kb5 58. Ke2
Rg8 59. Kd3 Ra8 0-1

[Event "Chigorin Memorial 2008"]
[Site "St. Petersburg RUS"]
[Date "2008.10.10"]
[Round "8.52"]
[White "Pogosian, Manvel"]
[Black "Androsov, Sergey"]
[Result "1-0"]
[WhiteElo "2256"]
[BlackElo "2078"]
[PlyCount "69"]
[EventDate "2008.10.03"]
[EventType "swiss"]
[EventRounds "9"]
[EventCountry "RUS"]
[Source "lmi"]
[SourceDate "2008.10.03"]

1. d4 Nf6 2. Nf3 e6 3. c4 b6 4. g3 Bb7 5. Bg2 Be7 6. Nc3 O-O 7. O-O Ne4 8. Qc2
Nxc3 9. Qxc3 d6 10. Qc2 Nd7 11. e4 c5 12. Rd1 Qc7 13. b3 Nf6 14. e5 dxe5 15.
dxe5 Nd7 16. Bb2 f6 17. exf6 Bxf6 18. Bxf6 Rxf6 19. Ng5 Nf8 20. Bxb7 Qxb7 21.
Rd2 Rh6 22. Rad1 Qe7 23. Ne4 Rc8 24. Qc3 Rc7 25. Rd8 Rh5 26. g4 Rh6 27. Qe5 Rb7
28. R1d2 Rh4 29. f3 Rh6 30. Kg2 Rg6 31. Ra8 Rd7 32. Rxd7 Qxd7 33. Qb8 Qf7 34.
Rxa7 Qf5 35. Qg3 1-0

[Event "Chigorin Memorial 2008"]
[Site "St. Petersburg RUS"]
[Date "2008.10.10"]
[Round "8.53"]
[White "Airumian, Sergei"]
[Black "Eidelson, Rakhil"]
[Result "1/2-1/2"]
[WhiteElo "2070"]
[BlackElo "2220"]
[PlyCount "97"]
[EventDate "2008.10.03"]
[EventType "swiss"]
[EventRounds "9"]
[EventCountry "RUS"]
[Source "lmi"]
[SourceDate "2008.10.03"]

1. e4 c5 2. Nf3 a6 3. d4 cxd4 4. Nxd4 e5 5. Nf3 Nf6 6. Bd3 d5 7. exd5 e4 8. Qe2
Bb4+ 9. c3 O-O 10. cxb4 exd3 11. Qxd3 Re8+ 12. Be3 Qxd5 13. Qxd5 Nxd5 14. Nc3
Nxb4 15. O-O-O Bf5 16. Ne1 Rc8 17. Kd2 N8c6 18. a3 Rd8+ 19. Ke2 Rxd1 20. Kxd1
Rd8+ 21. Ke2 Nd5 22. Nxd5 Rxd5 23. f3 Rb5 24. Bc1 Rb3 25. g4 Be6 26. Kd2 Nd4
27. Rf1 Rb6 28. Ke3 Nb3 29. Ng2 Nxc1 30. Rxc1 Rxb2 31. Nf4 Rb3+ 32. Kf2 Kf8 33.
Nxe6+ fxe6 34. Rc7 b5 35. a4 bxa4 36. Rc6 Rb2+ 37. Ke3 a3 38. Rxe6 a5 39. Re5
a2 40. Rxa5 Rxh2 41. Ra7 Ke8 42. f4 Kd8 43. f5 h6 44. Kf4 Kc8 45. g5 hxg5+ 46.
Kxg5 Kb8 47. Ra5 Kb7 48. Kg6 Rg2+ 49. Kf7 1/2-1/2

[Event "Chigorin Memorial 2008"]
[Site "St. Petersburg RUS"]
[Date "2008.10.10"]
[Round "8.54"]
[White "Kuzevanova, Evgenia"]
[Black "Sorokina, Anastasia"]
[Result "0-1"]
[WhiteElo "2179"]
[BlackElo "2068"]
[PlyCount "128"]
[EventDate "2008.10.03"]
[EventType "swiss"]
[EventRounds "9"]
[EventCountry "RUS"]
[Source "lmi"]
[SourceDate "2008.10.03"]

1. e4 c5 2. Nf3 d6 3. Bc4 Nc6 4. O-O Nf6 5. Re1 e6 6. c3 Be7 7. d4 O-O 8. d5
exd5 9. exd5 Nb8 10. h3 Nbd7 11. Bb3 Nb6 12. c4 Re8 13. Nc3 h6 14. Qd3 Nbd7 15.
Bf4 Nf8 16. Bg3 g6 17. Qd2 Kg7 18. Bc2 Rb8 19. Bf4 Ng8 20. Re2 Nh7 21. Rae1
Nhf6 22. Qc1 Bd7 23. Nd2 Nh5 24. Bh2 f5 25. Nf3 a6 26. Rxe7+ Nxe7 27. Bxd6 Rc8
28. Be5+ Kh7 29. Nh2 Ng8 30. g4 Ng7 31. f4 Qh4 32. Kg2 fxg4 33. hxg4 Bxg4 34.
Ne4 Qh3+ 35. Kg1 Nf5 36. Nxg4 Qxg4+ 37. Kf2 Qh4+ 38. Kg2 Qg4+ 39. Kf2 Nh4 40.
Bd1 Qg2+ 41. Ke3 Rf8 42. Kd3 b5 43. Re2 Qf1 44. Kc2 Nf5 45. Kb1 Rfd8 46. Rh2
Nge7 47. Nf6+ Kg7 48. d6 Nc6 49. d7 Ra8 50. Ne8+ Kf8 51. Qd2 Ncd4 52. Bxd4 Rxd7
53. Bxc5+ Kxe8 54. Re2+ Ne7 55. Rxe7+ Rxe7 56. Bxe7 Kxe7 57. Qe3+ Kf7 58. Kc2
Qxc4+ 59. Kb1 Qf1 60. Qb3+ Qc4 61. Qf3 Re8 62. f5 Qe4+ 63. Qxe4 Rxe4 64. fxg6+
Kg7 0-1

[Event "Chigorin Memorial 2008"]
[Site "St. Petersburg RUS"]
[Date "2008.10.10"]
[Round "8.55"]
[White "Ganichev, Alexander"]
[Black "Karataev, Oleg"]
[Result "1-0"]
[WhiteElo "2148"]
[BlackElo "1965"]
[PlyCount "43"]
[EventDate "2008.10.03"]
[EventType "swiss"]
[EventRounds "9"]
[EventCountry "RUS"]
[Source "lmi"]
[SourceDate "2008.10.03"]

1. e4 e6 2. d4 d5 3. Nc3 Nf6 4. e5 Nfd7 5. f4 c5 6. Nf3 Nc6 7. Be3 Qb6 8. Na4
Qa5+ 9. c3 cxd4 10. b4 Qd8 11. Nxd4 Nxd4 12. Bxd4 b6 13. Bd3 Be7 14. f5 Nf8 15.
Qg4 Bg5 16. Bb5+ Bd7 17. Bxd7+ Kxd7 18. h4 Bh6 19. O-O Qe7 20. f6 gxf6 21. exf6
Qe8 22. Qh5 1-0

[Event "Chigorin Memorial 2008"]
[Site "St. Petersburg RUS"]
[Date "2008.10.10"]
[Round "8.56"]
[White "Palchun, Grigory"]
[Black "Grechishkin, Vitaly"]
[Result "1-0"]
[WhiteElo "2129"]
[BlackElo "1861"]
[PlyCount "69"]
[EventDate "2008.10.03"]
[EventType "swiss"]
[EventRounds "9"]
[EventCountry "RUS"]
[Source "lmi"]
[SourceDate "2008.10.03"]

1. d4 d5 2. Nf3 Nf6 3. Bf4 e6 4. e3 Bd6 5. Ne5 O-O 6. Nd2 Nbd7 7. Bd3 Bxe5 8.
dxe5 Ne8 9. Nf3 f6 10. c3 Nc5 11. Bc2 Qe7 12. Qd4 Ne4 13. Bxe4 dxe4 14. Qxe4 g5
15. exf6 Nxf6 16. Bxg5 Nxe4 17. Bxe7 Rf7 18. Bh4 b6 19. Bg3 Bb7 20. Ke2 Raf8
21. Bf4 Nc5 22. Ne5 Rf5 23. f3 Na4 24. Rab1 Bd5 25. c4 Bb7 26. Rhf1 c6 27. g4
Rxf4 28. exf4 Rxf4 29. Ke3 Rf8 30. Rfd1 b5 31. Rd7 Nc5 32. Rc7 bxc4 33. Rd1 Ba8
34. Nd7 Na6 35. Rxa7 1-0

[Event "Chigorin Memorial 2008"]
[Site "St. Petersburg RUS"]
[Date "2008.10.10"]
[Round "8.57"]
[White "Obrezchikov, Mikhail"]
[Black "Guzenko, Artem"]
[Result "1-0"]
[WhiteElo "1986"]
[BlackElo "2121"]
[PlyCount "53"]
[EventDate "2008.10.03"]
[EventType "swiss"]
[EventRounds "9"]
[EventCountry "RUS"]
[Source "lmi"]
[SourceDate "2008.10.03"]

1. d4 e6 2. c4 c5 3. d5 exd5 4. cxd5 d6 5. Nf3 Nf6 6. Nc3 g6 7. Bg5 Bg7 8. h3
O-O 9. e3 h6 10. Bh4 Re8 11. Bd3 a6 12. a4 Nbd7 13. O-O g5 14. Bg3 Nf8 15. Qc2
Kh8 16. Nd2 Nh5 17. Bh2 Be5 18. Bxe5+ Rxe5 19. Nc4 Re7 20. Ne4 Rd7 21. Qc3+ Ng7
22. Nf6 Rc7 23. Nxd6 Bxh3 24. Nfe8 f6 25. Nxc7 Qxc7 26. Qxf6 Bd7 27. Nf7+ 1-0

[Event "Chigorin Memorial 2008"]
[Site "St. Petersburg RUS"]
[Date "2008.10.10"]
[Round "8.58"]
[White "Senkevich, Konstantin"]
[Black "Fedoseeva, Valentina"]
[Result "1-0"]
[WhiteElo "2118"]
[BlackElo "1756"]
[PlyCount "59"]
[EventDate "2008.10.03"]
[EventType "swiss"]
[EventRounds "9"]
[EventCountry "RUS"]
[Source "lmi"]
[SourceDate "2008.10.03"]

1. e4 c5 2. Nf3 Nc6 3. g3 d6 4. Bg2 Nf6 5. d3 g6 6. O-O Bg7 7. Nc3 O-O 8. h3 h6
9. Be3 Bd7 10. Qd2 Kh7 11. Nh4 Qc8 12. g4 a6 13. f4 e5 14. f5 b5 15. Nd5 Qd8
16. Nxf6+ Bxf6 17. fxg6+ fxg6 18. Bxh6 Rg8 19. g5 Be7 20. Rf7+ Kh8 21. Raf1 Be6
22. R7f6 Bxf6 23. gxf6 Qd7 24. Qg5 Qf7 25. Bg7+ Rxg7 26. fxg7+ Qxg7 27. Rf6 Bf7
28. Rxd6 Rc8 29. Nxg6+ Kg8 30. Rxc6 1-0

[Event "Chigorin Memorial 2008"]
[Site "St. Petersburg RUS"]
[Date "2008.10.10"]
[Round "8.59"]
[White "Frakin, Nikolay"]
[Black "Sokolova, Vera"]
[Result "0-1"]
[WhiteElo "1953"]
[BlackElo "2105"]
[PlyCount "84"]
[EventDate "2008.10.03"]
[EventType "swiss"]
[EventRounds "9"]
[EventCountry "RUS"]
[Source "lmi"]
[SourceDate "2008.10.03"]

1. e4 c5 2. Nc3 Nc6 3. g3 Nf6 4. Bg2 e6 5. Nge2 d5 6. d3 Be7 7. O-O O-O 8. f4
d4 9. Nb1 Rb8 10. Nd2 b5 11. a4 a6 12. b3 Qc7 13. h3 Bd7 14. axb5 axb5 15. Bb2
e5 16. f5 Na5 17. Ba3 Rfc8 18. Nf3 Bd8 19. Qd2 Nc6 20. Rfb1 c4 21. Ne1 Ne8 22.
Kh2 Nd6 23. Nf3 b4 24. Bc1 cxd3 25. cxd3 Nb5 26. Qc2 Nc3 27. Nxc3 bxc3 28. Ba3
Nb4 29. Bxb4 Rxb4 30. h4 f6 31. Ne1 Rcb8 32. Qa2 Qb7 33. Qa7 Qxa7 34. Rxa7 Ba4
35. Ra1 Bxb3 36. R1a6 Bd1 37. Rd7 Bb6 38. Rd6 Rb1 39. Rc6 Be2 40. Kh3 Rxe1 41.
Raxb6 Rxb6 42. Rxb6 c2 0-1

[Event "Chigorin Memorial 2008"]
[Site "St. Petersburg RUS"]
[Date "2008.10.10"]
[Round "8.60"]
[White "Kluchik, Julia"]
[Black "Atlas, Eduard"]
[Result "0-1"]
[WhiteElo "1951"]
[BlackElo "2067"]
[PlyCount "78"]
[EventDate "2008.10.03"]
[EventType "swiss"]
[EventRounds "9"]
[EventCountry "RUS"]
[Source "lmi"]
[SourceDate "2008.10.03"]

1. d4 d5 2. Nf3 Nf6 3. c4 e6 4. Bg5 Be7 5. Nc3 O-O 6. e3 h6 7. Bh4 b6 8. cxd5
exd5 9. Bd3 Bb7 10. O-O Nbd7 11. Rc1 c5 12. Qe2 Ne4 13. Bxe7 Qxe7 14. Nd2 Rac8
15. f3 Nd6 16. Qf2 Qf6 17. Ne2 Rfe8 18. Ng3 g6 19. Ne2 Re7 20. Rfe1 Rce8 21.
Nf1 Nf5 22. Bxf5 Qxf5 23. Qh4 Kg7 24. Neg3 Qg5 25. Qh3 cxd4 26. Rcd1 dxe3 27.
Ne2 Nc5 28. f4 Qf6 29. b4 Na4 30. Rd3 Nb2 31. Rxe3 d4 32. Rxe7 Rxe7 33. Qg4 d3
34. Neg3 Kh7 35. Rxe7 Qxe7 36. f5 d2 37. fxg6+ fxg6 38. Nxd2 Qe3+ 39. Kh1 Qxd2
0-1

[Event "Chigorin Memorial 2008"]
[Site "St. Petersburg RUS"]
[Date "2008.10.10"]
[Round "8.61"]
[White "Efremova, Daria"]
[Black "Zakharov, Yuri"]
[Result "0-1"]
[WhiteElo "1933"]
[BlackElo "2056"]
[PlyCount "110"]
[EventDate "2008.10.03"]
[EventType "swiss"]
[EventRounds "9"]
[EventCountry "RUS"]
[Source "lmi"]
[SourceDate "2008.10.03"]

1. d4 Nf6 2. Nf3 b6 3. Bf4 Bb7 4. e3 e6 5. Bd3 Be7 6. h3 O-O 7. Nbd2 Nd5 8. Bh2
f5 9. c3 Nf6 10. g4 Ne4 11. gxf5 exf5 12. Rg1 c5 13. Qe2 d6 14. O-O-O Nd7 15.
Bf4 Kh8 16. Bc2 a5 17. Nxe4 fxe4 18. Ng5 Bxg5 19. Bxg5 Qe8 20. Bf4 d5 21. Qg4
Qf7 22. Rg2 a4 23. Rdg1 Rg8 24. Bd1 cxd4 25. exd4 a3 26. b3 Rac8 27. Kd2 Rc6
28. Qh4 Re6 29. Be3 Nf6 30. Be2 Bc6 31. Rg5 Bd7 32. Qg3 Re7 33. Qd6 Bxh3 34.
Rh1 Qe6 35. Qf4 Rf7 36. Re5 Qd7 37. Qh4 Bf5 38. Bh5 g6 39. Be2 Ng4 40. Rxf5
gxf5 41. Bf4 Rg6 42. f3 exf3 43. Bxf3 Kg8 44. Rg1 Qe6 45. Re1 Qd7 46. Qh1 Nf6
47. Kc2 Ne4 48. Bh5 Qc6 49. Re3 Rfg7 50. Bxg6 Qxg6 51. Qe1 Qg2+ 52. Qe2 Rg4 53.
Qxg2 Rxg2+ 54. Kb1 b5 55. Rh3 Rb2+ 0-1

[Event "Chigorin Memorial 2008"]
[Site "St. Petersburg RUS"]
[Date "2008.10.10"]
[Round "8.62"]
[White "Fokin, Anatoly"]
[Black "Orlov, Anatoly"]
[Result "0-1"]
[WhiteElo "1919"]
[BlackElo "2037"]
[PlyCount "90"]
[EventDate "2008.10.03"]
[EventType "swiss"]
[EventRounds "9"]
[EventCountry "RUS"]
[Source "lmi"]
[SourceDate "2008.10.03"]

1. d4 Nf6 2. c4 g6 3. Nc3 d5 4. e3 Bg7 5. Nf3 O-O 6. h3 b6 7. b3 c5 8. Bb2 cxd4
9. exd4 Bb7 10. Bd3 Nc6 11. O-O Rc8 12. Re1 e6 13. Rb1 Re8 14. Qd2 Qd6 15. Nb5
Qb8 16. Ba3 Red8 17. c5 bxc5 18. Bxc5 Ne4 19. Qc2 a6 20. Nc3 Nxc5 21. dxc5 Nb4
22. Qd2 Nxd3 23. Qxd3 Rxc5 24. Na4 Rc7 25. b4 Bc6 26. Nc5 Bb5 27. Qe3 d4 28.
Qf4 Re7 29. Qh4 Ree8 30. a4 Bc6 31. Nxa6 Qb6 32. Nc5 Bxf3 33. gxf3 Rd5 34. a5
Qb5 35. Qe4 d3 36. Red1 Red8 37. a6 Bd4 38. f4 Bxc5 39. bxc5 Qxa6 40. Rbc1 Rc8
41. Qb4 Qc6 42. Rc3 Rcd8 43. Qe4 Rg5+ 44. fxg5 Qxe4 45. c6 Rc8 0-1

[Event "Chigorin Memorial 2008"]
[Site "St. Petersburg RUS"]
[Date "2008.10.10"]
[Round "8.63"]
[White "Emdin, Mark"]
[Black "Sarkisov, Vladimir"]
[Result "1-0"]
[WhiteElo "1862"]
[BlackElo "1964"]
[PlyCount "47"]
[EventDate "2008.10.03"]
[EventType "swiss"]
[EventRounds "9"]
[EventCountry "RUS"]
[Source "lmi"]
[SourceDate "2008.10.03"]

1. e4 e5 2. Nf3 Nc6 3. Bc4 Bc5 4. c3 Nf6 5. d3 d6 6. O-O a6 7. Bb3 Ba7 8. Re1
O-O 9. Nbd2 h6 10. Nf1 Be6 11. Ng3 Bxb3 12. Qxb3 Qd7 13. Nf5 d5 14. Ng3 Rfe8
15. Be3 Bxe3 16. Rxe3 b5 17. Rd1 Rad8 18. Ree1 d4 19. Qc2 g6 20. Qd2 Kg7 21.
Nh4 Qg4 22. Nhf5+ gxf5 23. Nxf5+ Kg8 24. Nxh6+ 1-0

[Event "Chigorin Memorial 2008"]
[Site "St. Petersburg RUS"]
[Date "2008.10.10"]
[Round "8.64"]
[White "Stroganov, Anatoly"]
[Black "De Luna Butz, Albert"]
[Result "1-0"]
[WhiteElo "1953"]
[BlackElo "1830"]
[PlyCount "65"]
[EventDate "2008.10.03"]
[EventType "swiss"]
[EventRounds "9"]
[EventCountry "RUS"]
[Source "lmi"]
[SourceDate "2008.10.03"]

1. d4 d5 2. Nf3 Nf6 3. c4 c6 4. cxd5 cxd5 5. Nc3 Nc6 6. e3 Bg4 7. Bb5 Bxf3 8.
Qxf3 Rc8 9. O-O e6 10. Bd3 Bd6 11. Bd2 O-O 12. Rac1 Bb8 13. Bb1 Nd7 14. Qh5 f5
15. f4 Nf6 16. Qe2 Qe7 17. Be1 Ne4 18. g4 g5 19. Bg3 Kh8 20. gxf5 Nxc3 21. bxc3
exf5 22. Rce1 g4 23. h3 h5 24. hxg4 hxg4 25. Kg2 Qe6 26. Bd3 Na5 27. Rh1+ Kg7
28. Rh5 Rf6 29. Reh1 Nc4 30. Rh7+ Kf8 31. Rh8+ Kf7 32. R1h7+ Kg6 33. Qxg4# 1-0

[Event "Chigorin Memorial 2008"]
[Site "St. Petersburg RUS"]
[Date "2008.10.11"]
[Round "9.5"]
[White "Aleksandrov, Aleksej"]
[Black "Loginov, Valery A"]
[Result "1/2-1/2"]
[WhiteElo "2617"]
[BlackElo "2481"]
[PlyCount "65"]
[EventDate "2008.10.03"]
[EventType "swiss"]
[EventRounds "9"]
[EventCountry "RUS"]
[Source "lmi"]
[SourceDate "2008.10.03"]

1. d4 d6 2. c4 Nd7 3. e4 e5 4. Nf3 Ngf6 5. Nc3 c6 6. Be2 Be7 7. O-O O-O 8. Rb1
a6 9. b4 Re8 10. Qc2 Qc7 11. h3 h6 12. Be3 b5 13. Rfc1 Bb7 14. a4 exd4 15. Nxd4
bxa4 16. Nf5 Bf8 17. f3 d5 18. exd5 cxd5 19. Bf2 dxc4 20. Nxa4 Rac8 21. Bxc4
Ne5 22. Nc5 Nxc4 23. Qxc4 Qe5 24. Qd3 Rcd8 25. Bd4 Qd5 26. Nxb7 Qxb7 27. b5
axb5 28. Rxb5 Qd7 29. Qb1 Nd5 30. Bf2 Nf4 31. Ng3 Ne2+ 32. Nxe2 Rxe2 33. Rb2
1/2-1/2

[Event "Chigorin Memorial 2008"]
[Site "St. Petersburg RUS"]
[Date "2008.10.11"]
[Round "9.9"]
[White "Ionov, Sergey"]
[Black "Duzhakov, Ilya"]
[Result "1-0"]
[WhiteElo "2543"]
[BlackElo "2276"]
[PlyCount "107"]
[EventDate "2008.10.03"]
[EventType "swiss"]
[EventRounds "9"]
[EventCountry "RUS"]
[Source "lmi"]
[SourceDate "2008.10.03"]

1. Nf3 Nf6 2. c4 e6 3. Nc3 d5 4. d4 c6 5. Bg5 h6 6. Bh4 dxc4 7. e4 b5 8. e5 g5
9. Nxg5 hxg5 10. Bxg5 Nbd7 11. g3 Qa5 12. exf6 Bb7 13. Bg2 O-O-O 14. O-O Nc5
15. Be3 Nd3 16. Qc2 Qb6 17. Ne4 Bh6 18. b3 Nb4 19. Qe2 Bxe3 20. fxe3 Nd3 21.
bxc4 bxc4 22. Rab1 Qa5 23. Qc2 Ba6 24. Rfd1 Kc7 25. h4 Rb8 26. Qc3 Qxc3 27.
Nxc3 Rbg8 28. Ne4 c3 29. Rdc1 Nxc1 30. Rxc1 Bd3 31. Nf2 Bb5 32. Kh2 Rh6 33. Ne4
Bd3 34. Nc5 Bc4 35. Rxc3 Bd5 36. e4 Bxa2 37. Ra3 Bc4 38. Rxa7+ Kb6 39. Ra4 Bb5
40. Nd7+ Kb7 41. Ra5 Rd8 42. e5 Bc4 43. Ra4 Bb5 44. Rb4 Kc7 45. Nc5 Rg6 46. Ne4
Rdg8 47. Ng5 Kb6 48. Rb3 Rd8 49. Nxf7 Rxd4 50. Ng5 Rd2 51. Nxe6 Rf2 52. Nf4 Rg8
53. f7 Rh8 54. e6 1-0

[Event "Chigorin Memorial 2008"]
[Site "St. Petersburg RUS"]
[Date "2008.10.11"]
[Round "9.11"]
[White "Vysochin, Spartak"]
[Black "Goganov, Aleksey"]
[Result "1-0"]
[WhiteElo "2520"]
[BlackElo "2356"]
[PlyCount "57"]
[EventDate "2008.10.03"]
[EventType "swiss"]
[EventRounds "9"]
[EventCountry "RUS"]
[Source "lmi"]
[SourceDate "2008.10.03"]

1. e4 e6 2. d4 d5 3. Nd2 c5 4. Ngf3 cxd4 5. exd5 Qxd5 6. Bc4 Qd6 7. Qe2 Nf6 8.
Nb3 Nc6 9. Bg5 Qb4+ 10. Bd2 Qb6 11. O-O-O Bd7 12. Rhe1 Bc5 13. Kb1 O-O-O 14.
Ne5 Be8 15. Bxe6+ fxe6 16. Nc4 Qc7 17. Nxc5 d3 18. cxd3 Nd4 19. Nxe6 Nxe2 20.
Nxc7 Bg6 21. Ne5 Nd4 22. Rc1 Nc6 23. Nb5 Bxd3+ 24. Nxd3 Rxd3 25. Nxa7+ Kd7 26.
Nxc6 bxc6 27. Bc3 Nd5 28. Kc2 Nxc3 29. Kxd3 1-0

[Event "Chigorin Memorial 2008"]
[Site "St. Petersburg RUS"]
[Date "2008.10.11"]
[Round "9.13"]
[White "Demchenko, Anton"]
[Black "Kurilov, Viktor"]
[Result "1-0"]
[WhiteElo "2510"]
[BlackElo "2312"]
[PlyCount "143"]
[EventDate "2008.10.03"]
[EventType "swiss"]
[EventRounds "9"]
[EventCountry "RUS"]
[Source "lmi"]
[SourceDate "2008.10.03"]

1. e4 e5 2. Nf3 Nf6 3. Nxe5 d6 4. Nf3 Nxe4 5. Bd3 Nc5 6. Be2 d5 7. O-O Be7 8.
Re1 O-O 9. d4 Ne4 10. Bd3 Bf5 11. Nbd2 Nd6 12. Nf1 Nd7 13. Bf4 Bxd3 14. Qxd3
Ne4 15. Qb3 Nb6 16. Ne3 c6 17. a4 Bd6 18. Bxd6 Nxd6 19. a5 Nd7 20. Qb4 Qc7 21.
b3 Rfe8 22. Rec1 Rac8 23. Qa4 Ne4 24. c4 dxc4 25. bxc4 Qf4 26. Nf1 Ndf6 27. Rc2
Ng5 28. Nxg5 Qxg5 29. Rd1 h6 30. Rc3 Nh5 31. Ne3 Nf4 32. Qa2 Re6 33. Kh1 Qh5
34. Rd2 Qg5 35. g3 Rg6 36. Qa1 Qh5 37. Qd1 Qxa5 38. Rb3 Ne6 39. Rxb7 Ng5 40.
Rdb2 Re8 41. Kg2 Ne4 42. Rb8 Rxb8 43. Rxb8+ Kh7 44. Qd3 f5 45. c5 Rf6 46. Rb2
Qc3 47. Qxc3 Nxc3 48. Rb3 Ne2 49. Nc2 f4 50. Kf1 Nc1 51. Ra3 fxg3 52. hxg3 Rf7
53. Nb4 Rc7 54. Rc3 a5 55. Nxc6 Na2 56. Rc2 Rxc6 57. Rxa2 Ra6 58. Ra4 Kg6 59.
Ke2 Kf6 60. Kd3 Ra8 61. Kc4 Ke6 62. d5+ Kd7 63. Kb5 Rb8+ 64. Kxa5 Rb2 65. Rf4
Ke7 66. Re4+ Kd7 67. Rf4 Ke7 68. d6+ Ke6 69. Re4+ Kd7 70. Re7+ Kc6 71. Rc7+ Kd5
72. d7 1-0

[Event "Chigorin Memorial 2008"]
[Site "St. Petersburg RUS"]
[Date "2008.10.11"]
[Round "9.15"]
[White "Loskutov, Oleg"]
[Black "Utkin, Aleksey"]
[Result "0-1"]
[WhiteElo "2482"]
[BlackElo "2359"]
[PlyCount "82"]
[EventDate "2008.10.03"]
[EventType "swiss"]
[EventRounds "9"]
[EventCountry "RUS"]
[Source "lmi"]
[SourceDate "2008.10.03"]

1. e4 Nf6 2. e5 Nd5 3. d4 d6 4. Nf3 dxe5 5. Nxe5 c6 6. Bc4 Nd7 7. O-O Nxe5 8.
dxe5 g6 9. Qe2 Be6 10. Bb3 Bg7 11. Bd2 Qc7 12. c4 Nb6 13. f4 O-O 14. Ba5 Qc8
15. Nc3 f6 16. Ne4 c5 17. exf6 Bxf6 18. Nxf6+ exf6 19. Rae1 Re8 20. Bc3 Qc6 21.
Bxf6 Bg4 22. Qxg4 Qxf6 23. f5 Rxe1 24. Rxe1 Rf8 25. Rf1 Qxb2 26. Qe4 Rxf5 27.
Rxf5 gxf5 28. Qxf5 Qd4+ 29. Kf1 Kg7 30. Qg5+ Kf7 31. Qh5+ Kg7 32. Qe8 Qf6+ 33.
Ke2 Qb2+ 34. Kf3 Qf6+ 35. Kg4 Qd4+ 36. Kh5 Qd6 37. g3 Nd7 38. Qe3 h6 39. Bc2 a6
40. Kh4 Qf6+ 41. Kh3 Qf1+ 0-1

[Event "Chigorin Memorial 2008"]
[Site "St. Petersburg RUS"]
[Date "2008.10.11"]
[Round "9.16"]
[White "Alavkin, Arseny"]
[Black "Kaganskiy, Gleb"]
[Result "1/2-1/2"]
[WhiteElo "2476"]
[BlackElo "2330"]
[PlyCount "55"]
[EventDate "2008.10.03"]
[EventType "swiss"]
[EventRounds "9"]
[EventCountry "RUS"]
[Source "lmi"]
[SourceDate "2008.10.03"]

1. e4 c6 2. d4 d5 3. exd5 cxd5 4. c4 Nf6 5. Nc3 e6 6. Nf3 Be7 7. cxd5 Nxd5 8.
Bd3 Nc6 9. O-O O-O 10. Re1 Bf6 11. Ne4 Bxd4 12. Nxd4 Nxd4 13. Ng5 Nf5 14. g4
Nb4 15. Bb1 Qxd1 16. Rxd1 h6 17. gxf5 hxg5 18. Bxg5 f6 19. Be3 Nc6 20. a3 exf5
21. Ba2+ Kh7 22. Rac1 Re8 23. Rd6 a5 24. Rc3 f4 25. Bxf4 Bf5 26. Re3 Rad8 27.
Bc4 Rxd6 28. Bxd6 1/2-1/2

[Event "Chigorin Memorial 2008"]
[Site "St. Petersburg RUS"]
[Date "2008.10.11"]
[Round "9.17"]
[White "Khuseinkhodzhaev, Muhammad"]
[Black "Ponfilenok, Vladimir"]
[Result "0-1"]
[WhiteElo "2375"]
[BlackElo "2440"]
[PlyCount "124"]
[EventDate "2008.10.03"]
[EventType "swiss"]
[EventRounds "9"]
[EventCountry "RUS"]
[Source "lmi"]
[SourceDate "2008.10.03"]

1. d4 e6 2. c4 f5 3. g3 Nf6 4. Bg2 c6 5. Nh3 d5 6. O-O Bd6 7. b3 O-O 8. Ba3
Bxa3 9. Nxa3 Qe7 10. Nc2 Nbd7 11. Qd3 g6 12. Rfd1 b6 13. cxd5 exd5 14. b4 Bb7
15. Qb3 a5 16. a4 axb4 17. Nxb4 Rfe8 18. a5 Rxa5 19. Rxa5 bxa5 20. Nxd5 cxd5
21. Qxb7 Qxe2 22. Bxd5+ Kg7 23. Bf3 Qc4 24. Nf4 Qb4 25. Qc7 Re1+ 26. Rxe1 Qxe1+
27. Kg2 Kh6 28. d5 a4 29. Ne6 g5 30. Qc2 g4 31. Bd1 Ne4 32. Qc1+ Kg6 33. Nf4+
Kf7 34. Nd3 Qc3 35. Qe3 a3 36. Bxg4 a2 37. Qa7 Nef6 38. Bh5+ Kg7 39. Qxa2 Qxd3
40. Bf3 Ne5 41. Be2 Qd4 42. h3 Nxd5 43. Qb1 Kf6 44. Ba6 Nc3 45. Qc2 Qd5+ 46.
Kg1 Nf3+ 47. Kh1 Nd2+ 48. Kg1 Nf3+ 49. Kf1 Nd2+ 50. Kg1 Nde4 51. Qd3 Qxd3 52.
Bxd3 Nd1 53. g4 Ndxf2 54. Bc2 f4 55. Kg2 Ke5 56. g5 Kf5 57. Kf3 Kxg5 58. Bxe4
Nxe4 59. Kxe4 h6 60. Kf3 Kf5 61. Ke2 Ke4 62. h4 h5 0-1